Loading...
History - World History | 0 | 3 | 0 | 1 | 30 | 98 | 108.33 | 0 | 2 |
Other - Other Academic | 1 | 1 | 0 | 0 | 25 | 28 | 76.50 | 1 | 2 |
History - Euro History | 1 | 1 | 0 | 1 | 25 | 48 | 90.00 | 1 | 2 |
Science - Other Science | 0 | 2 | 0 | 0 | 20 | 75 | 77.50 | 1 | 2 |
Other - Pop Culture | 0 | 2 | 0 | 1 | 20 | 98 | 116.50 | 0 | 2 |
History - Other History | 1 | 1 | 1 | 1 | 20 | 59 | 95.00 | 1 | 1 |
Science - Physics | 0 | 2 | 0 | 1 | 20 | 102 | 111.00 | 0 | 1 |
Beliefs - Religion | 0 | 2 | 0 | 1 | 20 | 79 | 97.00 | 1 | 2 |
Arts - Other Arts | 1 | 0 | 2 | 0 | 5 | 28 | 28.00 | 1 | 1 |
Thought - Social Science | 0 | 1 | 1 | 0 | 5 | 77 | 77.00 | 0 | 1 |
History - American History | 0 | 0 | 0 | 0 | 0 | 0.00 | 0 | 0 | |
Beliefs - Mythology | 0 | 0 | 1 | 0 | -5 | 0.00 | 0 | 0 | |
Other - Geo/CE | 0 | 0 | 1 | 0 | -5 | 0.00 | 0 | 0 | |
Literature - World Lit | 0 | 0 | 2 | 0 | -10 | 0.00 | 0 | 0 |